| 000 | 01156nam a22003377a 4500 | ||
|---|---|---|---|
| 003 | CHAP | ||
| 005 | 20220329140506.0 | ||
| 008 | 971013s1934 r 00010 d | ||
| 010 | _a52760 | ||
| 011 | _a53732 | ||
| 035 | _a57882 | ||
| 040 | _cCHAP | ||
| 082 |
_a589.25 _bW6 |
||
| 100 | 0 | 0 |
_aWoroni, Michael Stepanovitch. _9122755 |
| 245 | _aPlasmodiophora brassicae, the cause of cabbage hernia | ||
| 260 |
_aEast Lansing, Mich. : _bAmerican Phytopathological Society, _c1934 |
||
| 300 |
_a32 p. _b; 34 láms. |
||
| 490 |
_aPhytopathological classics _v; 4 |
||
| 590 |
_aBATCH-UPD _b10 _c20130109 _lUCH01 _h2354 |
||
| 590 |
_aBATCH-UPD _b10 _c20130110 _lUCH01 _h0420 |
||
| 590 |
_aBATCH-UPD _b10 _c20130110 _lUCH01 _h2215 |
||
| 590 |
_aCONVERSION _b10 _c20130109 _lUCH01 _h1329 |
||
| 650 | 1 | 4 |
_aCol _xEnfermedades. _924485 |
| 650 | 1 | 4 |
_aPlasmodiophora brassicae. _989110 |
| 830 | 0 |
_aPhytopathological classics _v; 4 _987910 |
|
| 901 | _aBK | ||
| 942 | _cLIBRO | ||
| 949 |
_a589.25 W6 _bBC _cBPP _d-125739 _eBPP _i57882 _si |
||
| 949 |
_a589.25 W6 _bBC _cBPP _d-125741 _eBPP _fc.2 _h1673 _i57882 _si |
||
| 949 |
_a589.25 W6 _bBC _cBPP _d-125742 _eBPP _fc.3 _h57631 _i57882 _si |
||
| 999 |
_c52760 _d52760 |
||